[Event "IECG WC.2010.P.00021 email"]
[Site "IECG email"]
[Date "2006.06.05"]
[Round "?"]
[White "Tomassi, Emidio"]
[Black "Guney, Omer Engin"]
[Result "1-0"]
[WhiteElo "1412"]
[BlackElo "1736"]
[PlyCount "88"]
[EventDate "2006.06.05"]
[EventType "tourn (corr)"]
[EventRounds "6"]
[SourceTitle "Corr 2011"]
[Source "ChessBase"]
[SourceDate "2010.08.31"]
[SourceVersion "1"]
[SourceVersionDate "2010.08.31"]
[SourceQuality "1"]

1. e4 e5 2. Nf3 Nc6 3. Bb5 a6 4. Ba4 Nf6 5. 0-0 Nxe4 6. Re1 Nc5 7. Bxc6 dxc6 8. Nxe5 Be7 9. d4 Ne6 10. Be3 0-0 11. c4 f6 12. Nf3 Re8 13. Nc3 Bb4 14. Qb3 a5 15. a3 Bxc3 16. bxc3 Nf8 17. Bf4 Ne6 18. Bg3 a4 19. Qc2 b5 20. Qe4 Bd7 21. Qd3 Rb8 22. Rab1 Qe7 23. cxb5 Qxa3 24. bxc6 Rxb1 25. Rxb1 Bxc6 26. d5 Nc5 27. Qc4 Bd7 28. h3 Kh8 29. Bf4 g5 30. Bc1 Re4 31. Qxe4 Qxc1+ 32. Rxc1 Nxe4 33. c4 Nc5 34. Nd2 Kg7 35. Kf1 Bf5 36. Ke2 Nb3 37. Rc3 Nd4+ 38. Kd1 h5 39. f3 g4 40. hxg4 hxg4 41. Ra3 Kf7 42. fxg4 Bxg4+ 43. Nf3 Nxf3 44. gxf3 Bd7 1-0

[Event "IECG WC.2010.P.00021 email"]
[Site "IECG email"]
[Date "2006.06.05"]
[Round "?"]
[White "Turko, Sergey Ivanovich"]
[Black "Tomassi, Emidio"]
[Result "1-0"]
[WhiteElo "2254"]
[BlackElo "1412"]
[PlyCount "91"]
[EventDate "2006.06.05"]
[EventType "tourn (corr)"]
[EventRounds "6"]
[SourceTitle "Corr 2011"]
[Source "ChessBase"]
[SourceDate "2010.08.31"]
[SourceVersion "1"]
[SourceVersionDate "2010.08.31"]
[SourceQuality "1"]

1. e4 e5 2. Nf3 Nc6 3. Bc4 Bc5 4. c3 Nf6 5. d3 0-0 6. 0-0 d6 7. Nbd2 Bb6 8. Bb3 Bg4 9. h3 Be6 10. Nc4 h6 11. Be3 Bxc4 12. Bxc4 Bxe3 13. fxe3 Ne7 14. Qe1 c6 15. Qg3 Nh5 16. Qf2 Nf6 17. Bb3 a5 18. a4 b5 19. axb5 cxb5 20. Ba2 a4 21. Qg3 Qb6 22. Nd2 Kh7 23. Rab1 b4 24. Nc4 Qc5 25. cxb4 Qxb4 26. Rf3 Rad8 27. Rbf1 Rg8 28. Qf2 Rd7 29. g4 Ng6 30. Rf5 Qc5 31. g5 hxg5 32. Rxg5 Kh8 33. h4 Nh7 34. Rh5 Ngf8 35. d4 Qc6 36. dxe5 g6 37. Qf6+ Rg7 38. Rh6 Qxe4 39. exd6 Kg8 40. Qf3 Qe6 41. e4 Rd8 42. e5 Nd7 43. Kh1 Nxe5 44. Nxe5 Qxa2 45. Nc6 Rxd6 46. Ne7+ 1-0

[Event "IECG CP.2004.Q.00003 email"]
[Site "IECG email"]
[Date "2006.01.20"]
[Round "?"]
[White "Tomassi, Emidio"]
[Black "Djoudi, Amar"]
[Result "1/2-1/2"]
[WhiteElo "1414"]
[BlackElo "2324"]
[PlyCount "84"]
[EventDate "2006.01.20"]
[EventType "tourn (corr)"]
[EventRounds "6"]
[EventCountry "ESP"]
[SourceTitle "Corr 2008"]
[Source "ChessBase"]
[SourceDate "2008.06.24"]
[SourceVersion "1"]
[SourceVersionDate "2008.06.24"]
[SourceQuality "1"]

1. e4 c5 2. Nf3 d6 3. d4 cxd4 4. Nxd4 Nf6 5. Nc3 a6 6. Bc4 e6 7. 0-0 Be7 8. Qf3 0-0 9. Rd1 Qc7 10. Bb3 b5 11. a3 Bb7 12. Qg3 Nxe4 13. Nxe4 Bxe4 14. Bxe6 Nc6 15. Nxc6 Qxc6 16. Bb3 d5 17. c3 Rad8 18. Bf4 Bf6 19. f3 Bg6 20. Bc7 Qc5+ 21. Kf1 Rd7 22. Be5 Bxe5 23. Qxe5 Rfd8 24. Rd4 Re7 25. Qg5 h6 26. Qh4 f6 27. Qf2 Bf7 28. Re1 Rxe1+ 29. Qxe1 Qc7 30. Kg1 Qb6 31. Kh1 a5 32. Qd2 Qd6 33. Bc2 Re8 34. Bd3 Qc6 35. h3 Be6 36. f4 f5 37. Qc2 g6 38. g4 Rf8 39. Qg2 Kg7 40. g5 hxg5 41. Qxg5 b4 42. axb4 axb4 1/2-1/2

[Event "IECG CP.2004.Q.00003 email"]
[Site "IECG email"]
[Date "2006.01.20"]
[Round "?"]
[White "Tomassi, Emidio"]
[Black "Zaichuk, Vitaliy"]
[Result "1-0"]
[WhiteElo "1414"]
[BlackElo "2119"]
[PlyCount "59"]
[EventDate "2006.01.20"]
[EventType "tourn (corr)"]
[EventRounds "6"]
[EventCountry "ESP"]
[SourceTitle "Corr 2008"]
[Source "ChessBase"]
[SourceDate "2008.06.24"]
[SourceVersion "1"]
[SourceVersionDate "2008.06.24"]
[SourceQuality "1"]

1. e4 c5 2. Nf3 d6 3. d4 cxd4 4. Nxd4 Nf6 5. Nc3 a6 6. Bc4 e6 7. 0-0 Be7 8. Qf3 Qb6 9. Rd1 Nc6 10. Nxc6 Qxc6 11. Bd3 0-0 12. Qg3 Nd7 13. Bf4 Qc7 14. Be2 Ne5 15. a4 b6 16. Rd2 Bb7 17. Rad1 Rfd8 18. h4 Kh8 19. Be3 Bf6 20. Bd4 h6 21. h5 Rac8 22. Be3 Kh7 23. f4 Nc4 24. Bxc4 Qxc4 25. Bxb6 Bxc3 26. bxc3 Rd7 27. e5 Qxa4 28. Rxd6 Re7 29. Bd8 Re8 30. Rd7 1-0